Теория механизмов. Ч. 1-3: Лекции , читанные на 2-м курсе ИТУ в 1900/01 ак. году; Ч. 1: Прикладная механика; Ч. 2: Передача движения непосредственным прикосновением; Ч. 3: Трение в машинах

Bibliografische gegevens
Hoofdauteur: Мерцалов Н. И.
Samenvatting:Текст в русской дореформенной орфографии
Taal:Russisch
Gepubliceerd in: [Б. м.], 1900
Editie:Литогр. изд.
TOC:Ч. 1: Прикладная механика;
Ч. 2: Передача движения непосредственным прикосновением;
Ч. 3: Трение в машинах;
Onderwerpen:
Formaat: MixedMaterials Boek
KOHA link:https://koha.lib.tpu.ru/cgi-bin/koha/opac-detail.pl?biblionumber=220361

MARC

LEADER 00000nam0a2200000 4500
001 220361
005 20231101230329.0
035 |a (RuTPU)RU\TPU\book\240483 
090 |a 220361 
100 |a 20120822d1900 m y0rusy50 ca 
101 0 |a rus 
102 |a RU 
105 |a af j 000zy 
200 1 |a Теория механизмов. Ч. 1-3  |e Лекции , читанные на 2-м курсе ИТУ в 1900/01 ак. году  |f Н. И. Мерцалов 
205 |a Литогр. изд. 
210 |a [Б. м.]  |d 1900 
215 |a 149, 189, 245 с., [8] вкл. табл.  |c ил. 
300 |a Текст в русской дореформенной орфографии 
316 |5 63413507: М-133136  |a Владельческая подпись и штамп-экслибрис И. Н. Бутакова 
316 |5 63413507: 29//423  |a На форзаце штамп-экслибрис ТТИ 
317 |5 63413507: М-133136  |a Поступила в НТБ в 1970 г. в составе книжного собрания профессора ТПИ И. Н. Бутакова 
464 |t Ч. 1: Прикладная механика 
464 |t Ч. 2: Передача движения непосредственным прикосновением 
464 |t Ч. 3: Трение в машинах 
606 1 |a Прикладная механика  |2 stltpush  |3 (RuTPU)RU\TPU\subj\51670  |9 70243 
610 1 |a теория механизмов 
610 1 |a передачи 
610 1 |a трение 
610 1 |a учебные пособия 
610 1 |a коллекция русских учебников 
610 1 |a владельческая надпись 
610 1 |a владельческие знаки 
610 1 |a библиотека И. Н. Бутакова 
675 |a 621.01:531(075.8)  |v 3 
700 1 |a Мерцалов  |b Н. И. 
801 1 |a RU  |b 63413507  |c 20120822 
801 2 |a RU  |b 63413507  |c 20190910  |g RCR 
942 |c BK